Statistics for Every Country That Starts With A's Shape

Click here to take the quiz!

General Stats

  • This quiz has been taken 13 times
  • The average score is 11 of 11

Answer Stats

Answer% Correct
Afghanistan
100%
Albania
100%
Algeria
100%
Angola
100%
Antigua and Barbuda
100%
Argentina
100%
Australia
100%
Austria
100%
Azerbaijan
100%
Armenia
92%
Andorra
85%

Score Distribution

Percentile by Number Answered

Percent of People with Each Score

Your Score History

You have not taken this quiz